[Event "Titled Tuesday 2021.04.13"]
[Site "Chess.com INT"]
[Date "2021.04.13"]
[Round "7"]
[White "Preotu, Razvan"]
[Black "Priyanka, Nutakki"]
[Result "1-0"]
[WhiteElo "2487"]
[BlackElo "2263"]
[WhiteFideId "-1"]
[WhiteFideId "-1"]
[PlyCount "73"]
[GameId "1639009975414784"]
[EventDate "2021.04.13"]
[EventType "swiss (blitz)"]
[EventRounds "11"]
[EventCountry "NET"]
[SourceTitle "CBM 201 Extra"]
[Source "ChessBase"]
[SourceDate "2021.05.31"]
[SourceVersion "1"]
[SourceVersionDate "2021.05.31"]
[SourceQuality "1"]

1. e4 e6 2. d4 d5 3. Nc3 Nf6 4. e5 Nfd7 5. f4 c5 6. Nf3 Nc6 7. Be3 Be7 8. Qd2 O-O 9. dxc5 Bxc5 10. O-O-O Qa5 11. a3 a6 12. Bxc5 Nxc5 13. Qe3 Qb6 14. Kb1 Na4 15. Qxb6 Nxb6 16. g3 Bd7 17. Bd3 Rac8 18. h4 Na5 19. h5 Nbc4 20. h6 g6 21. Ne2 Bb5 22. Ned4 Ne3 23. Rde1 Bxd3 24. cxd3 Ng4 25. Re2 Nc6 26. Rh4 Nxd4 27. Nxd4 f5 28. Nxe6 Rfe8 29. Nd4 Kf7 30. Rh1 Rc5 31. Nf3 Rec8 32. Ng5+ Kg8 33. e6 Re8 34. Ka2 b5 35. Kb3 Rc6 36. Rc2 Rxc2 37. Kxc2 1-0

[Event "Titled Tuesday 2021.04.13"]
[Site "Chess.com INT"]
[Date "2021.04.13"]
[Round "11"]
[White "Svane, Rasmus"]
[Black "Preotu, Razvan"]
[Result "1-0"]
[WhiteElo "2613"]
[BlackElo "2487"]
[WhiteFideId "-1"]
[WhiteFideId "-1"]
[PlyCount "63"]
[GameId "1639009978372096"]
[EventDate "2021.04.13"]
[EventType "swiss (blitz)"]
[EventRounds "11"]
[EventCountry "NET"]
[SourceTitle "CBM 201 Extra"]
[Source "ChessBase"]
[SourceDate "2021.05.31"]
[SourceVersion "1"]
[SourceVersionDate "2021.05.31"]
[SourceQuality "1"]

1. Nf3 c5 2. c4 Nc6 3. Nc3 e5 4. e3 Nf6 5. Be2 d5 6. cxd5 Nxd5 7. O-O Nxc3 8. dxc3 Qc7 9. e4 Be7 10. Bc4 O-O 11. h3 b6 12. Be3 Na5 13. Bd5 Ba6 14. Bxa8 Bxf1 15. Kxf1 Rxa8 16. Qd5 Rd8 17. Qxe5 Qd7 18. Qf5 Qb5+ 19. Kg1 Qxb2 20. Re1 Qxc3 21. e5 Qc4 22. Bg5 Nc6 23. e6 f6 24. Be3 Qxa2 25. h4 Qd5 26. Qh3 h5 27. Bf4 Nd4 28. Nxd4 cxd4 29. Qd3 Bf8 30. e7 Bxe7 31. Rxe7 Kf8 32. Rxa7 1-0

[Event "Titled Tuesday 2021.04.13"]
[Site "chess.com INT"]
[Date "2021.04.13"]
[Round "3"]
[White "Preotu, Razvan"]
[Black "Bok, Benjamin"]
[Result "1-0"]
[WhiteElo "2487"]
[BlackElo "2624"]
[WhiteFideId "-1"]
[WhiteFideId "-1"]
[PlyCount "121"]
[GameId "2130307587775287"]
[EventDate "2021.04.13"]
[EventType "swiss (blitz)"]
[EventRounds "11"]
[EventCountry "NET"]
[SourceTitle "The Week in Chess 1380"]
[Source "Mark Crowther"]
[SourceDate "2021.04.19"]
[SourceVersion "1"]
[SourceVersionDate "2021.04.19"]
[SourceQuality "2"]

1. e4 c5 2. Nf3 d6 3. d4 cxd4 4. Nxd4 Nf6 5. Nc3 a6 6. Be2 e5 7. Nb3 Be7 8. O-O O-O 9. Be3 Be6 10. Nd5 Nbd7 11. Qd3 Bxd5 12. exd5 Rc8 13. c4 a5 14. Rac1 Re8 15. Na1 Nc5 16. Qb1 Nfd7 17. Nc2 Bg5 18. Bxg5 Qxg5 19. Na3 e4 20. Nb5 Qe5 21. Rc3 f5 22. Qd1 g6 23. b3 Nf6 24. Qd4 Qxd4 25. Nxd4 Kf7 26. a3 Ke7 27. b4 axb4 28. axb4 Ncd7 29. Ra3 Ra8 30. Rfa1 Rxa3 31. Rxa3 Rb8 32. Ra7 Kd8 33. Ne6+ Ke7 34. Bd1 b5 35. Nd4 Rc8 36. Nc6+ Ke8 37. cxb5 Nxd5 38. Bb3 Nxb4 39. Be6 Nb6 40. Bxc8 Nxc6 41. bxc6 Nxc8 42. Rxh7 Ne7 43. c7 Nc8 44. h4 d5 45. Kf1 d4 46. Ke2 d3+ 47. Kd2 Nd6 48. Rg7 f4 49. Rxg6 Nc4+ 50. Kc3 Kd7 51. Kxc4 d2 52. Rd6+ Kxd6 53. c8=Q e3 54. Qc5+ Ke6 55. Qd5+ Kf6 56. fxe3 fxe3 57. Qd3 Kg7 58. Qe2 Kh6 59. Kd3 Kg6 60. Kxe3 Kh6 61. Qxd2 1-0

[Event "Titled Tuesday 2021.04.13"]
[Site "chess.com INT"]
[Date "2021.04.13"]
[Round "6"]
[White "Preotu, Razvan"]
[Black "Zhigalko, Sergei"]
[Result "0-1"]
[WhiteElo "2487"]
[BlackElo "2572"]
[WhiteFideId "-1"]
[WhiteFideId "-1"]
[PlyCount "36"]
[GameId "2130307587783668"]
[EventDate "2021.04.13"]
[EventType "swiss (blitz)"]
[EventRounds "11"]
[EventCountry "NET"]
[SourceTitle "The Week in Chess 1380"]
[Source "Mark Crowther"]
[SourceDate "2021.04.19"]
[SourceVersion "1"]
[SourceVersionDate "2021.04.19"]
[SourceQuality "2"]

1. e4 c5 2. Nf3 Nc6 3. Bb5 Nf6 4. Nc3 Qc7 5. O-O Nd4 6. Nxd4 cxd4 7. Nd5 Nxd5 8. exd5 Qc5 9. Qe2 Qxd5 10. Bc4 Qc6 11. c3 e6 12. cxd4 Bd6 13. d5 Qc7 14. d4 Bxh2+ 15. Kh1 Bd6 16. Bd3 Qa5 17. Qg4 Qxd5 18. Qxg7 Qh5+ 0-1

[Event "Titled Tuesday 2021.04.13"]
[Site "chess.com INT"]
[Date "2021.04.13"]
[Round "8"]
[White "Martinez Alcantara, Jose Eduardo"]
[Black "Preotu, Razvan"]
[Result "1-0"]
[WhiteElo "2620"]
[BlackElo "2487"]
[WhiteFideId "-1"]
[WhiteFideId "-1"]
[PlyCount "51"]
[GameId "2130307587787881"]
[EventDate "2021.04.13"]
[EventType "swiss (blitz)"]
[EventRounds "11"]
[EventCountry "NET"]
[SourceTitle "The Week in Chess 1380"]
[Source "Mark Crowther"]
[SourceDate "2021.04.19"]
[SourceVersion "1"]
[SourceVersionDate "2021.04.19"]
[SourceQuality "2"]

1. e4 c5 2. Nf3 d6 3. c3 Nf6 4. h3 Nc6 5. Bd3 e5 6. Bc2 g6 7. O-O Bg7 8. d4 cxd4 9. cxd4 exd4 10. Nxd4 O-O 11. Nxc6 bxc6 12. Nc3 d5 13. Bg5 Qb6 14. Qf3 Nxe4 15. Nxe4 dxe4 16. Bxe4 Be6 17. b3 Bxa1 18. Rxa1 f5 19. Bxc6 Rac8 20. Rc1 Qd4 21. Rd1 Qg7 22. Rd6 Bf7 23. Bf6 Qh6 24. Bb2 Rfd8 25. Qc3 Kf8 26. Qh8+ 1-0

[Event "Titled Tuesday 2021.04.13"]
[Site "chess.com INT"]
[Date "2021.04.13"]
[Round "9"]
[White "Maksimenko, Viktor"]
[Black "Preotu, Razvan"]
[Result "0-1"]
[WhiteElo "2239"]
[BlackElo "2487"]
[WhiteFideId "-1"]
[WhiteFideId "-1"]
[PlyCount "74"]
[GameId "2130307587792026"]
[EventDate "2021.04.13"]
[EventType "swiss (blitz)"]
[EventRounds "11"]
[EventCountry "NET"]
[SourceTitle "The Week in Chess 1380"]
[Source "Mark Crowther"]
[SourceDate "2021.04.19"]
[SourceVersion "1"]
[SourceVersionDate "2021.04.19"]
[SourceQuality "2"]

1. d4 Nf6 2. c4 g6 3. Nc3 d5 4. cxd5 Nxd5 5. e4 Nxc3 6. bxc3 Bg7 7. Bc4 c5 8. Ne2 Nc6 9. Be3 O-O 10. O-O b6 11. Rc1 Bb7 12. Qd2 Rc8 13. Bd3 e6 14. Rfd1 cxd4 15. cxd4 Nxd4 16. Bxd4 Rxc1 17. Qxc1 Bxd4 18. Bb1 e5 19. Nxd4 exd4 20. Qd2 Qd6 21. Qxd4 Qxd4 22. Rxd4 Rc8 23. Rd1 Rc3 24. f3 Bc8 25. Kf2 Be6 26. Rd2 Kg7 27. f4 Ra3 28. f5 gxf5 29. exf5 Bc4 30. g4 Kf6 31. h4 Ke5 32. g5 Bd5 33. f6 Rh3 34. Bxh7 Rxh4 35. Bg8 Rg4 36. Re2+ Kf4 37. Re7 Kxg5 0-1

[Event "Titled Tuesday 2021.04.06"]
[Site "Chess.com INT"]
[Date "2021.04.06"]
[Round "5"]
[White "Preotu, Razvan"]
[Black "Grunberg, Mihai Lucian"]
[Result "1/2-1/2"]
[WhiteElo "2487"]
[BlackElo "2401"]
[WhiteFideId "-1"]
[WhiteFideId "-1"]
[PlyCount "113"]
[GameId "1636451100741632"]
[EventDate "2021.04.06"]
[EventType "swiss (blitz)"]
[EventRounds "11"]
[EventCountry "NET"]
[SourceTitle "CBM 201 Extra"]
[Source "ChessBase"]
[SourceDate "2021.05.31"]
[SourceVersion "1"]
[SourceVersionDate "2021.05.31"]
[SourceQuality "1"]

1. e4 Nc6 2. Nf3 d5 3. exd5 Qxd5 4. Nc3 Qa5 5. d4 Bg4 6. Bb5 e6 7. h3 Bxf3 8. Qxf3 Nge7 9. Bd2 O-O-O 10. Qxf7 Nxd4 11. Bd3 Qe5+ 12. Ne4 Nef5 13. O-O Bd6 14. Nxd6+ Qxd6 15. Qh5 g6 16. Qg4 h5 17. Qe4 Qd5 18. Bg5 Qxe4 19. Bxe4 Rd6 20. Rfe1 Nc6 21. Rad1 Rh7 22. Rxd6 cxd6 23. Bxc6 bxc6 24. Rxe6 Rg7 25. Bf6 Kd7 26. Bxg7 Kxe6 27. Bc3 d5 28. Kf1 d4 29. Bd2 Kd5 30. Ke2 Nd6 31. b3 c5 32. g4 hxg4 33. hxg4 c4 34. f3 c3 35. Bf4 Nb7 36. Bg3 Nc5 37. Bh4 Na6 38. Be7 Nc7 39. Kd3 Ne6 40. Ke2 Nf4+ 41. Kd1 d3 42. cxd3 Nxd3 43. Kc2 Ne1+ 44. Kxc3 Nxf3 45. Kb4 Ne5 46. Kb5 Nxg4 47. Ka6 Ne5 48. Bg5 Nc6 49. a3 Nd4 50. b4 Kc4 51. Kxa7 Nb5+ 52. Kb6 Nxa3 53. Kc6 Kxb4 54. Kd6 Kc4 55. Ke6 Nb5 56. Kf6 Na3 57. Kxg6 1/2-1/2

[Event "Titled Tuesday 2021.03.30"]
[Site "Chess.com INT"]
[Date "2021.03.30"]
[Round "7"]
[White "Kanakaris, Georgios"]
[Black "Preotu, Razvan"]
[Result "1/2-1/2"]
[WhiteElo "2400"]
[BlackElo "2487"]
[WhiteFideId "-1"]
[WhiteFideId "-1"]
[PlyCount "87"]
[GameId "1633928140808192"]
[EventDate "2021.03.30"]
[EventType "swiss (blitz)"]
[EventRounds "11"]
[EventCountry "NET"]
[SourceTitle "CBM 201 Extra"]
[Source "ChessBase"]
[SourceDate "2021.05.31"]
[SourceVersion "1"]
[SourceVersionDate "2021.05.31"]
[SourceQuality "1"]

1. d4 Nf6 2. Nf3 g6 3. g3 Bg7 4. Bg2 O-O 5. O-O d5 6. c4 dxc4 7. Na3 c3 8. bxc3 c5 9. Ne5 Nc6 10. Nac4 Be6 11. Nxc6 bxc6 12. Ne5 Nd5 13. Qd2 Qc7 14. Ba3 Bxe5 15. dxe5 Qa5 16. Bxd5 cxd5 17. Bc1 Rfd8 18. Qe3 Rd7 19. h4 Rad8 20. h5 d4 21. cxd4 cxd4 22. Qg5 Bh3 23. Rd1 Qd5 24. f3 Qc4 25. Rd3 Bf5 26. Rd2 Qc5 27. g4 Be6 28. Kg2 d3 29. e3 Rc8 30. hxg6 hxg6 31. Bb2 Qb4 32. e4 Rc2 33. Rad1 Qxb2 34. Kg3 Rxd2 35. Rxd2 Qc1 36. Qh6 Qg1+ 37. Kf4 f6 38. Qxg6+ Kf8 39. Qh6+ Ke8 40. Qh8+ Kf7 41. Qh7+ Kf8 42. Qh6+ Kg8 43. Qg6+ Kf8 44. Qh6+ 1/2-1/2

[Event "Titled Tuesday 2021.03.23"]
[Site "Chess.com INT"]
[Date "2021.03.23"]
[Round "8"]
[White "Preotu, Razvan"]
[Black "Onyshchuk, Volodymyr"]
[Result "0-1"]
[WhiteElo "2487"]
[BlackElo "2622"]
[WhiteFideId "-1"]
[WhiteFideId "-1"]
[PlyCount "72"]
[GameId "1631416841146368"]
[EventDate "2021.03.23"]
[EventType "swiss (blitz)"]
[EventRounds "11"]
[EventCountry "NET"]
[SourceTitle "CBM 201 Extra"]
[Source "ChessBase"]
[SourceDate "2021.05.31"]
[SourceVersion "1"]
[SourceVersionDate "2021.05.31"]
[SourceQuality "1"]

1. e4 d6 2. d4 Nf6 3. Nc3 g6 4. Be3 c6 5. Qd2 Qa5 6. f3 Nbd7 7. O-O-O b5 8. Kb1 b4 9. Nce2 Rb8 10. Nc1 Qc7 11. h4 h6 12. g4 a5 13. Nh3 Nb6 14. g5 Nh5 15. Qe1 d5 16. Nd3 Nc4 17. Bc1 Bg7 18. Nhf4 Bxd4 19. Rh2 Nxf4 20. Bxf4 e5 21. exd5 Kf8 22. Nxe5 Bxe5 23. d6 Bxd6 24. Bxd6+ Nxd6 25. Qe5 Rh7 26. Rxd6 Bf5 27. Rhd2 Re8 28. Qf6 hxg5 29. hxg5 Rh1 30. Rd1 Qe7 31. Qxe7+ Rxe7 32. a3 c5 33. axb4 axb4 34. Bc4 Rxd1+ 35. Rxd1 Re3 36. f4 b3 0-1

[Event "Titled Tuesday 2021.03.23"]
[Site "Chess.com INT"]
[Date "2021.03.23"]
[Round "10"]
[White "Khusnutdinov, Rustam"]
[Black "Preotu, Razvan"]
[Result "0-1"]
[WhiteElo "2484"]
[BlackElo "2487"]
[WhiteFideId "-1"]
[WhiteFideId "-1"]
[PlyCount "74"]
[GameId "1631416842567680"]
[EventDate "2021.03.23"]
[EventType "swiss (blitz)"]
[EventRounds "11"]
[EventCountry "NET"]
[SourceTitle "CBM 201 Extra"]
[Source "ChessBase"]
[SourceDate "2021.05.31"]
[SourceVersion "1"]
[SourceVersionDate "2021.05.31"]
[SourceQuality "1"]

1. d4 Nf6 2. c4 g6 3. Nc3 d5 4. Bg5 Ne4 5. Bh4 g5 6. Nxe4 dxe4 7. Bxg5 Bg7 8. Qa4+ b5 9. Qa3 c5 10. dxc5 b4 11. Qa4+ Bd7 12. Qc2 Qa5 13. Bd2 Bc6 14. e3 Na6 15. Ne2 Ba4 16. Qxe4 Rd8 17. Nd4 Nxc5 18. Qg4 Bf6 19. Be2 h5 20. Qf3 Qb6 21. O-O e5 22. Bxb4 Be7 23. Bxc5 Bxc5 24. Nf5 Rd2 25. Qg3 Qf6 26. Ng7+ Kf8 27. Nxh5 Qh6 28. Qxe5 Bd6 29. Qa5 Ke7 30. Bf3 Bc2 31. Qxa7+ Kf8 32. Qa8+ Ke7 33. Qb7+ Kf8 34. Rac1 Bg6 35. Rcd1 Bxh5 36. g3 Bxf3 37. Qc8+ Kg7 0-1

[Event "Titled Tuesday 2021.03.23"]
[Site "Chess.com INT"]
[Date "2021.03.23"]
[Round "11"]
[White "Preotu, Razvan"]
[Black "Sarana, Alexey"]
[Result "0-1"]
[WhiteElo "2487"]
[BlackElo "2649"]
[WhiteFideId "-1"]
[WhiteFideId "-1"]
[PlyCount "108"]
[GameId "1631416843288576"]
[EventDate "2021.03.23"]
[EventType "swiss (blitz)"]
[EventRounds "11"]
[EventCountry "NET"]
[SourceTitle "CBM 201 Extra"]
[Source "ChessBase"]
[SourceDate "2021.05.31"]
[SourceVersion "1"]
[SourceVersionDate "2021.05.31"]
[SourceQuality "1"]

1. e4 c5 2. Nf3 d6 3. d4 cxd4 4. Nxd4 Nf6 5. Nc3 a6 6. Be2 e5 7. Nb3 Be7 8. O-O O-O 9. Be3 Be6 10. Qd3 Nbd7 11. Nd5 Bxd5 12. exd5 Nc5 13. Nxc5 dxc5 14. Bf3 Bd6 15. Bg5 h6 16. Bh4 g5 17. Bg3 Re8 18. Rfe1 Qd7 19. a4 Re7 20. Qd2 e4 21. Be2 Bxg3 22. hxg3 Qxd5 23. Qxd5 Nxd5 24. Red1 Nf6 25. Rd6 Kg7 26. Rad1 Rc8 27. a5 c4 28. R1d4 Rc5 29. Bxc4 e3 30. fxe3 Rxa5 31. Kf2 Ne4+ 32. Rxe4 Rxe4 33. Bd5 Re7 34. e4 Rc5 35. c3 Rb5 36. b3 Ra5 37. Rb6 Rb5 38. Rxb5 axb5 39. Ke3 b6 40. Kd4 Kf6 41. Bc6 Re5 42. g4 Rc5 43. Bd5 Ke7 44. b4 Rc7 45. e5 Ra7 46. Bc6 Ra2 47. Bf3 Rb2 48. Kd5 Kd7 49. Be4 Rf2 50. Kd4 Rf4 51. Ke3 Ke6 52. g3 Rxg4 53. Kf3 Kxe5 54. Bc6 Rc4 0-1

[Event "Titled Tuesday 2021.03.23"]
[Site "chess.com INT"]
[Date "2021.03.23"]
[Round "3"]
[White "Amgalantengis, Enkh Amgalan"]
[Black "Preotu, Razvan"]
[Result "0-1"]
[WhiteElo "1878"]
[BlackElo "2487"]
[WhiteFideId "-1"]
[WhiteFideId "-1"]
[PlyCount "74"]
[GameId "2130307588309864"]
[EventDate "2021.03.23"]
[EventType "swiss (blitz)"]
[EventRounds "11"]
[EventCountry "NET"]
[SourceTitle "The Week in Chess 1377"]
[Source "Mark Crowther"]
[SourceDate "2021.03.29"]
[SourceVersion "1"]
[SourceVersionDate "2021.03.29"]
[SourceQuality "2"]

1. d4 Nf6 2. c4 g6 3. Nc3 d5 4. Nf3 Bg7 5. Bg5 Ne4 6. cxd5 Nxg5 7. Nxg5 e6 8. Qd2 h6 9. Nh3 exd5 10. Nf4 O-O 11. Nfxd5 c6 12. Nf4 Qxd4 13. Qxd4 Bxd4 14. e3 Bg7 15. h4 Nd7 16. Be2 a5 17. O-O a4 18. a3 Nc5 19. Rad1 Bf5 20. g4 Bc2 21. Rd2 Bb3 22. Rc1 Rfd8 23. Rxd8+ Rxd8 24. Bf1 Rd2 25. Rb1 Bxc3 26. bxc3 Ra2 27. h5 g5 28. Ne2 Rxa3 29. Nd4 Be6 30. f3 Rxc3 31. Kf2 a3 32. Ke2 a2 33. Ra1 Nb3 34. Nxb3 Bxb3 35. Kd2 Rc2+ 36. Kd3 Rb2 37. Kc3 Rb1 0-1

[Event "Titled Tuesday 2021.03.23"]
[Site "chess.com INT"]
[Date "2021.03.23"]
[Round "4"]
[White "Bluebaum, Matthias"]
[Black "Preotu, Razvan"]
[Result "0-1"]
[WhiteElo "2670"]
[BlackElo "2487"]
[WhiteFideId "-1"]
[WhiteFideId "-1"]
[PlyCount "100"]
[GameId "2130307588309925"]
[EventDate "2021.03.23"]
[EventType "swiss (blitz)"]
[EventRounds "11"]
[EventCountry "NET"]
[SourceTitle "The Week in Chess 1377"]
[Source "Mark Crowther"]
[SourceDate "2021.03.29"]
[SourceVersion "1"]
[SourceVersionDate "2021.03.29"]
[SourceQuality "2"]

1. d4 Nf6 2. Nf3 g6 3. Nc3 d5 4. Bf4 Bg7 5. e3 b6 6. Nb5 Na6 7. Be2 Bb7 8. h4 h5 9. Ne5 Nd7 10. c3 c6 11. Na3 Nc7 12. Nxd7 Qxd7 13. c4 c5 14. Bf3 Ne6 15. Be5 Bxe5 16. dxe5 O-O-O 17. cxd5 Bxd5 18. O-O Qb7 19. Bxd5 Rxd5 20. Qf3 Rf8 21. Nc4 Rd7 22. Qe2 Qe4 23. a4 Nf4 24. Qf3 Qxf3 25. gxf3 Ne6 26. f4 Kb7 27. Ra3 Rfd8 28. Rb3 Rd1 29. a5 Rxf1+ 30. Kxf1 Rd1+ 31. Kg2 Rc1 32. Nd2 Kc6 33. axb6 axb6 34. Ra3 Nc7 35. Nf3 b5 36. Ng5 b4 37. Ra7 Kb6 38. Ra2 c4 39. Nxf7 b3 40. Ra3 Nb5 41. Ra8 c3 42. Rb8+ Ka6 43. Nd6 exd6 44. exd6 cxb2 45. d7 Rd1 46. Ra8+ Na7 47. d8=Q Rxd8 48. Rxd8 b1=Q 49. Rd6+ Ka5 50. Kf3 Qc2 0-1

[Event "Titled Tuesday 2021.03.23"]
[Site "chess.com INT"]
[Date "2021.03.23"]
[Round "5"]
[White "Preotu, Razvan"]
[Black "Esipenko, Andrey"]
[Result "1-0"]
[WhiteElo "2487"]
[BlackElo "2701"]
[WhiteFideId "-1"]
[WhiteFideId "-1"]
[PlyCount "117"]
[GameId "2130307588314102"]
[EventDate "2021.03.23"]
[EventType "swiss (blitz)"]
[EventRounds "11"]
[EventCountry "NET"]
[SourceTitle "The Week in Chess 1377"]
[Source "Mark Crowther"]
[SourceDate "2021.03.29"]
[SourceVersion "1"]
[SourceVersionDate "2021.03.29"]
[SourceQuality "2"]

1. e4 e5 2. Nf3 Nc6 3. Bc4 Bc5 4. c3 Nf6 5. d4 exd4 6. e5 d5 7. Bb5 Ne4 8. cxd4 Bb6 9. Nc3 Bg4 10. Be3 O-O 11. h3 Bh5 12. Qc2 Bg6 13. Qb3 Ne7 14. O-O c6 15. Bd3 Nxc3 16. Qxc3 Qd7 17. Nh4 Bxd3 18. Qxd3 f5 19. f4 Bd8 20. b4 Nc8 21. Nf3 a5 22. bxa5 Rxa5 23. Bd2 Ra4 24. Qb3 b5 25. Bb4 Re8 26. Rfe1 Nb6 27. e6 Rxe6 28. Rxe6 Qxe6 29. Re1 Qd7 30. Ne5 Qc8 31. Bc5 Nd7 32. Nxc6 Qxc6 33. Re8+ Kf7 34. Rxd8 Nxc5 35. dxc5 Qxc5+ 36. Kh2 Qc4 37. Rxd5 Qxf4+ 38. Kg1 Kg6 39. Rxb5 Re4 40. Qd1 Qe3+ 41. Kh1 Rd4 42. Qf1 Rf4 43. Qd1 Rf2 44. Qd6+ Kh5 45. Kh2 g6 46. Rb3 Qe2 47. Rg3 Qxa2 48. Qf6 Kh6 49. Qf8+ Kh5 50. Qg7 Qd2 51. Qxh7+ Qh6 52. Qf7 Rf4 53. Qf6 Re4 54. h4 Rxh4+ 55. Rh3 Rxh3+ 56. Kxh3 Qf4 57. Qh8+ Qh6 58. Qf6 Qe3+ 59. g3 1-0

[Event "Titled Tuesday 2021.03.23"]
[Site "chess.com INT"]
[Date "2021.03.23"]
[Round "7"]
[White "Keymer, Vincent"]
[Black "Preotu, Razvan"]
[Result "0-1"]
[WhiteElo "2591"]
[BlackElo "2487"]
[WhiteFideId "-1"]
[WhiteFideId "-1"]
[PlyCount "64"]
[GameId "2130307588318280"]
[EventDate "2021.03.23"]
[EventType "swiss (blitz)"]
[EventRounds "11"]
[EventCountry "NET"]
[SourceTitle "The Week in Chess 1377"]
[Source "Mark Crowther"]
[SourceDate "2021.03.29"]
[SourceVersion "1"]
[SourceVersionDate "2021.03.29"]
[SourceQuality "2"]

1. Nf3 c5 2. c4 Nc6 3. Nc3 e5 4. h3 g6 5. g4 Bg7 6. d3 Nge7 7. Ne4 d5 8. cxd5 Nxd5 9. Bg2 O-O 10. O-O b6 11. a3 Nf4 12. Bxf4 exf4 13. Qd2 f5 14. gxf5 Bxf5 15. Qxf4 Bxh3 16. Qh2 Bg4 17. Neg5 h6 18. Qg3 Qd7 19. Ne4 Rae8 20. Rfe1 Bxb2 21. Rad1 Bg7 22. Nh4 Nd4 23. Nxg6 Nxe2+ 24. Rxe2 Bxe2 25. Nxf8 Rxf8 26. Re1 Bh5 27. Re3 Kh8 28. Qh4 Qg4 29. Qe7 Re8 30. Qxa7 Bd4 31. Rg3 Qf4 32. Qxb6 Rf8 0-1

[Event "Titled Tuesday 2021.03.23"]
[Site "chess.com INT"]
[Date "2021.03.23"]
[Round "9"]
[White "Preotu, Razvan"]
[Black "Yoo, Christopher"]
[Result "1-0"]
[WhiteElo "2487"]
[BlackElo "2455"]
[WhiteFideId "-1"]
[WhiteFideId "-1"]
[PlyCount "115"]
[GameId "2130307588322470"]
[EventDate "2021.03.23"]
[EventType "swiss (blitz)"]
[EventRounds "11"]
[EventCountry "NET"]
[SourceTitle "The Week in Chess 1377"]
[Source "Mark Crowther"]
[SourceDate "2021.03.29"]
[SourceVersion "1"]
[SourceVersionDate "2021.03.29"]
[SourceQuality "2"]

1. e4 c5 2. Nf3 e6 3. c3 d5 4. exd5 Qxd5 5. d4 Nf6 6. Be3 Be7 7. Na3 O-O 8. dxc5 Nbd7 9. b4 Qxd1+ 10. Rxd1 a5 11. Nb5 axb4 12. cxb4 Rxa2 13. Bc4 Rb2 14. Nd6 Rxb4 15. Rc1 Bxd6 16. cxd6 Ne4 17. O-O Nxd6 18. Be2 Nf5 19. Bd2 Rb2 20. Rc7 Nd4 21. Nxd4 Rxd2 22. Rd1 Rxd1+ 23. Bxd1 b6 24. Nc6 Ba6 25. Rxd7 Bb5 26. Ne7+ Kh8 27. Rb7 Ra8 28. h4 g6 29. Bf3 Ra6 30. Nc8 Kg7 31. Nxb6 h5 32. Nd7 Ra1+ 33. Kh2 Bxd7 34. Rxd7 Ra4 35. Kg3 Kf6 36. Rc7 Rd4 37. Be2 Re4 38. Bb5 Rg4+ 39. Kh3 Rf4 40. Be8 Kg7 41. Kg3 Rg4+ 42. Kf3 Rxh4 43. Rxf7+ Kh6 44. Rf6 Rg4 45. Rxe6 Rg5 46. Rxg6+ Rxg6 47. Bxg6 Kxg6 48. Kf4 Kf6 49. g3 Kg6 50. Ke5 Kg5 51. f4+ Kg4 52. f5 Kxg3 53. f6 h4 54. f7 h3 55. f8=Q Kg2 56. Qg7+ Kh1 57. Kf4 h2 58. Kg3 1-0

[Event "FIDE World Uni Rapid-C"]
[Site "Tornelo INT"]
[Date "2021.03.20"]
[Round "1.5"]
[White "Gamage, Yasasmi Umarusiru"]
[Black "Preotu, Razvan"]
[Result "0-1"]
[WhiteElo "1271"]
[BlackElo "2487"]
[WhiteFideId "-1"]
[WhiteFideId "-1"]
[PlyCount "74"]
[GameId "2130307588406172"]
[EventDate "2021.03.20"]
[EventType "swiss (rapid)"]
[EventRounds "12"]
[EventCountry "NET"]
[SourceTitle "The Week in Chess 1376"]
[Source "Mark Crowther"]
[SourceDate "2021.03.22"]
[SourceVersion "1"]
[SourceVersionDate "2021.03.22"]
[SourceQuality "2"]

1. e4 c5 2. c3 Nf6 3. e5 Nd5 4. d4 cxd4 5. cxd4 d6 6. Nf3 Nc6 7. Bb5 Qa5+ 8. Nc3 Nxc3 9. Bxc6+ bxc6 10. bxc3 Qxc3+ 11. Bd2 Qc4 12. Rc1 Qa6 13. Qb3 Be6 14. Qb2 Bd5 15. Be3 e6 16. Rc3 Be7 17. Ra3 Qb5 18. Qxb5 cxb5 19. O-O dxe5 20. Rc3 e4 21. Ne5 f6 22. Nc6 Bd6 23. Rfc1 Kd7 24. Na5 Rhc8 25. Kf1 Rxc3 26. Rxc3 Bb4 27. Rc5 Bxa5 28. Rxb5 Bc4+ 29. Kg1 Bxb5 30. f3 exf3 31. gxf3 Rc8 32. Kf2 Rc2+ 33. Kg3 Be1+ 34. Kf4 g5+ 35. Ke4 Re2 36. f4 f5+ 37. Kf3 g4# 0-1

[Event "FIDE World Uni Rapid-C"]
[Site "Tornelo INT"]
[Date "2021.03.20"]
[Round "2.5"]
[White "Preotu, Razvan"]
[Black "Kalyva, Kyriaki"]
[Result "1-0"]
[WhiteElo "2487"]
[BlackElo "1823"]
[WhiteFideId "-1"]
[WhiteFideId "-1"]
[PlyCount "147"]
[GameId "2130307588410341"]
[EventDate "2021.03.20"]
[EventType "swiss (rapid)"]
[EventRounds "12"]
[EventCountry "NET"]
[SourceTitle "The Week in Chess 1376"]
[Source "Mark Crowther"]
[SourceDate "2021.03.22"]
[SourceVersion "1"]
[SourceVersionDate "2021.03.22"]
[SourceQuality "2"]

1. e4 c5 2. Nf3 d6 3. d4 cxd4 4. Nxd4 Nf6 5. Nc3 g6 6. Be3 Bg7 7. f3 a6 8. Bc4 Nbd7 9. Qd2 h5 10. O-O b5 11. Bb3 Bb7 12. a4 b4 13. Nd5 Nxd5 14. Bxd5 Bxd5 15. exd5 Ne5 16. b3 a5 17. Rae1 Rc8 18. Bg5 Qb6 19. Kh1 O-O 20. Nb5 Rfe8 21. f4 Ng4 22. Bxe7 Bc3 23. Nxc3 bxc3 24. Qd3 Nf2+ 25. Rxf2 Qxf2 26. Rf1 Qd2 27. Qa6 Rc5 28. Bxd6 Rxd5 29. Be5 Re6 30. Qa8+ Rd8 31. Qxa5 Rde8 32. Qxc3 Qxc3 33. Bxc3 Re2 34. Rc1 Rc8 35. Bd4 Kf8 36. b4 Rcxc2 37. Rxc2 Rxc2 38. h3 Ke7 39. a5 Kd7 40. a6 Kc6 41. a7 Kb7 42. Bc5 h4 43. Be7 Rc4 44. Bxh4 Rxf4 45. Bg3 Rf1+ 46. Kh2 Kxa7 47. h4 Kb6 48. Bd6 Kc6 49. Bc5 Kd5 50. Kg3 Rc1 51. Kg4 f6 52. g3 Rc4+ 53. Kf3 Ke5 54. Be7 Kf5 55. Bd6 Rc3+ 56. Kf2 Rb3 57. Kg2 Kg4 58. Kf2 f5 59. Ke2 g5 60. hxg5 Kxg5 61. Kd2 Kg4 62. Kc2 Rf3 63. b5 Rf2+ 64. Kc3 Rf1 65. Kc4 Rb1 66. Kc5 Rc1+ 67. Kb6 Rb1 68. Kc6 Rc1+ 69. Kb7 Rd1 70. Bf4 Rb1 71. b6 Kf3 72. Kc7 Ke4 73. b7 Rc1+ 74. Bxc1 1-0